Πόσο πράσινο είναι το σπίτι, το σχολείο και η γειτονιά μας; : εκπόνηση και εφαρμογή προγράμματος Περιβαλλοντικής Εκπαίδευσης στη ΣΤ' τάξη του δημοτικού σχολείου για την οικολογικοποίηση της σκέψης των μαθητών : διδακτορική διατριβή

Αποθηκεύτηκε σε:
Λεπτομέρειες βιβλιογραφικής εγγραφής
Κύριος συγγραφέας: Αναστασάτος, Νικόλαος Θ.
Συγγραφή απο Οργανισμό/Αρχή: Πανεπιστήμιο Αιγαίου Σχολή Ανθρωπιστικών Σπουδών Τμήμα Επιστημών Προσχολικής Αγωγής και Εκπαιδευτικού Σχεδιασμού
Μορφή: Thesis Βιβλίο
Γλώσσα:Greek
Δημοσίευση: Ρόδος : Πανεπιστήμιο Αιγαίου, Τμήμα Επιστημών Προσχολικής Αγωγής και Εκπαιδευτικού Σχεδιασμού, 2003
Θέματα:
Ετικέτες: Προσθήκη ετικέτας
Δεν υπάρχουν, Καταχωρήστε ετικέτα πρώτοι!

MARC

LEADER 00000cam a2200000 i 4500
001 1/58893
008 040719s2003 gre d
035 |l 10074023 
040 |a GR-MY-UA  |b gre  |e aacr 
041 0 |a gre 
082 0 |a 304.207  |2 (21) 
100 1 |a Αναστασάτος, Νικόλαος Θ. 
245 1 0 |a Πόσο πράσινο είναι το σπίτι, το σχολείο και η γειτονιά μας; :  |b εκπόνηση και εφαρμογή προγράμματος Περιβαλλοντικής Εκπαίδευσης στη ΣΤ' τάξη του δημοτικού σχολείου για την οικολογικοποίηση της σκέψης των μαθητών : διδακτορική διατριβή /  |c Αναστασάτου Θ. Νικολάου 
260 |a Ρόδος :   |b Πανεπιστήμιο Αιγαίου, Τμήμα Επιστημών Προσχολικής Αγωγής και Εκπαιδευτικού Σχεδιασμού,   |c 2003 
300 |a 373 σ.  |b παράρτημα 
500 |a Τριμελής επιτροπή: Μ. Καϊλα, Σ. Μπαμπανάσης, Ν. Ανδρεαδάκης 
502 # # |a Διατριβή (διδακτορική) – Πανεπιστήμιο Αιγαίου, Ρόδος, 2003. 
504 |a Περιέχει βιβλιογραφικές αναφορές 
610 2 0 |a University of the Aegean  |x Dissertations. 
650 0 0 |a Human ecology  |x Study and teaching (Elementary) 
650 0 0 |a Dissertations, Academic  |z Greece. 
710 2 |a Πανεπιστήμιο Αιγαίου  |b Σχολή Ανθρωπιστικών Σπουδών  |b Τμήμα Επιστημών Προσχολικής Αγωγής και Εκπαιδευτικού Σχεδιασμού. 
852 |a INST  |b RHODES  |c DIATR  |e 20040719  |h 304.207 ΑΝΑ  |p 005400018666  |q 005400018666  |t PHD  |y 23 
852 |a INST  |b RHODES  |c DIATR  |e 20040719  |h 304.207 ΑΝΑ  |p 005400018667  |q 005400018667  |t PHD  |y 23 
852 |a INST  |b RHODES  |c DIATR  |e 20040719  |h 304.207 ΑΝΑ   |p 005400018664  |q 005400018664  |t PHD  |y 23 
852 |a INST  |b RHODES  |c DIATR  |e 20040719  |h 304.207 ΑΝΑ   |p 005400018665  |q 005400018665  |t PHD  |y 23 
901 |a BIBL4-2004-2 
909 |a Ρ  |b 109822 
909 |a Ρ  |b 109823 
909 |a Ρ  |b 109824 
909 |a Ρ  |b 109825 
924 |a ΑΝΑΣΤΑΣΑΤΟΣ  |b ΝΙΚΟΛΑΟΣ  |y ΡΟΔΟΣ  |z 2004-07 
970 |a ΚΟΥΛΑΚΙΟΤΗ  |b ΛΙΤΣΑ  |z 2004/07/19